Media analysis techniques /

Bibliographic Details
Main Author: Berger, Arthur Asa, 1933-
Format: Book
Language:English
Published: Beverly Hills : Sage Publications, [1982]
Series:Sage commtext series ; v. 10.
Subjects:

MARC

Tag First Indicator Second Indicator Subfields
LEADER 00000pam a2200000 a 4500
001 in00000097590
005 20150924085254.0
008 820225s1982 caua b 00010 eng
010 |a  82003367  
020 |a 0803906137 
020 |a 0803906145 (pbk.) 
035 |a (OCoLC)08283982 
035 |9 AAK9214AM 
039 0 |a 2  |b 3  |c 3  |d 3  |e 3 
040 |a DLC  |c DLC  |d TXA  |d UtOrBLW 
049 |a TXAM  |c [985904] 
050 0 0 |a P91  |b  B43 1982 
082 0 |a 302.2/34/018  |2 19 
100 1 |a Berger, Arthur Asa,  |d 1933- 
245 1 0 |a Media analysis techniques /  |c Arthur Asa Berger. 
264 1 |a Beverly Hills :  |b Sage Publications,  |c [1982] 
264 4 |c ©1982 
300 |a 160 pages :  |b illustrations ;  |c 23 cm. 
336 |a text  |b txt  |2 rdacontent 
337 |a unmediated  |b n  |2 rdamedia 
338 |a volume  |b nc  |2 rdacarrier 
490 1 |a The Sage commtext series ;  |v v. 10 
504 |a Bibliography: pages 158-159. 
650 0 |a Mass media  |x Methodology. 
650 0 |a Criticism. 
830 0 |a Sage commtext series ;  |v v. 10. 
999 |a MARS 
999 f f |s 1be01f26-28e1-30bc-aa46-92f4955418ce  |i 545fc2ce-39f6-3114-9233-6552a84cc3b0  |t 0 
952 f f |p ric  |a Texas A&M University  |b Rellis Campus  |c Joint Library Facility  |s JLF  |d Remote Storage  |t 0  |e P91 B43 1982  |h Library of Congress classification  |i unmediated -- volume  |m A14806020356 
998 f f |a P91 B43 1982  |t 0  |l Remote Storage